01476nam a2200289 a 450000100100000000500170001000800410002702000150006804000250008308200200010810000470012824500750017526000360025030000210028650000630030759000260037065000280039665000310042470000390045591000380049495201320053295201320066495201320079695201180092895201230104699900170116900001121420240412074224.0091015s2004 dr r 000 j spa d a9993422614 aDO-SdBNPbspacBNPHU aRD861.44bR621c1 aRivera del Monte, Francisco,d1954-92677510aCicatrices /cFrancisco Rivera del Monte ; prólogo Víctor Espinal. aSanto Domingo :b[s.n.],c2004. a132 p. ;c21 cm. aIncluye datos biográficos del autor en la contracubierta aInventariado, 2018/BT 0aPoesía dominicana966 0aLiteratura dominicana.96712aEspinal, Víctor,epról.926776 aValidado. Control de calidad. MFF 001054708DSaGRbGRcHDd2009-10-20iLF1l0oRD861.44 R621cp11214-30r2020-06-25te.3w2020-06-25yLFDSZPréstamo en sala 001054708DSaGRbGRcHDd2009-10-20iLF1l0oRD861.44 R621cp11214-40r2020-06-25te.4w2020-06-25yLFDSZPréstamo en sala 001054708DSaGRbGRcHDd2009-10-20iLF1l0oRD861.44 R621cp11214-50r2020-06-25te.5w2020-06-25yLFDSZPréstamo en sala 0010718PDaPDbPDcHDd2009-10-20iLF1l0oRD861.44 R621cp11214-10r2020-06-25w2020-06-25yLFPDZNo se presta 0010718PDaPDbPDcHDd2009-10-20iLF1l0oRD861.44 R621cp11214-20r2020-06-25te.2w2020-06-25yLFPDZNo se presta c10933d10933